000 00937nam a2200241Ia 4500
008 130821s1970 xxua gr eng
040 _aCo-BoUCM
_bspa
041 0 0 _aeng
100 1 _aChapman, D. G.
_q(Douglas George)
_d1920-
_9142063
245 1 0 _aElementary probability models and statistical inference
_cDouglas G. Chapman y Ronald A. Schaufele
260 _aWaltham (Massachussets, Estados Unidos)
_bGinn
_c1970
300 _axix, 358 páginas
_bilustraciones, gráficas
500 _aDonación Dr. Álvaro Daza Roa.
504 _aIncluye referencias bibliográficas e índices.
650 0 4 _aAnálisis de regresión
_98967
650 0 4 _aCorrelación (Estadística)
_912015
650 0 4 _aEstadística matemática
_914994
650 0 4 _aMatemáticas
_919031
650 0 4 _aProbabilidades
_922309
700 1 _aSchaufele, Ronald A.
_9142064
942 _cLIBRO
_a25
_e1
_mC466e
_2DEWEY
_h519.5
999 _c71587
_d71587